000 00731nam a2200217 4500
001 157678
003 ES-MaACL
005 20230906210815.0
008 950410s1849 gw l |||| | lat d
040 _aEUS
_bspa
_cEUS
080 _a34(363.62)"506"(094)
130 0 _aLex Romana Visigothorum.
_9135329
245 1 0 _aLex Romana Visigothorum... /
_cinstruxit Gustavus Haenel.
250 _aEditio post Sicharum prima.
260 _aLipsiae :
_bSumptibus et typis B. G. Teubneri,
_c1849.
300 _aCX, 468 p., [3] h. ;
_c36 cm.
650 4 _aDerecho romano-
_vFuentes.
_9139068
650 4 _aDerecho visigodo-
_vFuentes.
_9139069
700 1 _aHaenel, Gustav Friedrich.
_9139062
852 _aES-MaACL
_jB-475
_z-- Enc. hol.
999 _c157678
_d157678